00856 2200301 4500001002100000005001500021035002500036008004100061020002200102040001700124082001600141084001800157100002100175245006500196250001100261260004600272300003800318650002900356700001000385850001200395007000300407090002200410090002200432504003400454999002200488990002200510990002200532INLIS00000000001525420200616032159 a0010-101500000000988151025s2014 yoia g ind d a978-602-7881-78-5 aYOPDYOGbind04222a297.577 a297.577 JAS b0 aJasmine Asyahida aBawa aku ke penghulu /cJasmine Asyahida; penyunting, Mufid. aCet.1. aYogyakarta :bPenerbit Buku Pintar,c2014 a260 halaman :bilustrasi ;c20 cm 4aHukum perkawinan (Islam)0 aMufid aYOPDYOGta aDEP 297.577 JAS b aCB-D.11 2014-1881 aBibliografi : halaman 256-257 aCB-D.11/2014-1881 aCB-D.11/2014-1881 aCB-D.11/2014-1881